The case of the midnight rustler : and, The phantom in the mirror /

The case of the midnight rustler: Someone has been stealing calves from Uncle Johnny's pasture, and it's up to Hank and Slim to stop it. The phantom in the mirror: After Pete the Barncat starts a rumor about a Phantom Dog in the machine shed, Hank decides that he better check it out. And s...

Full description

Bibliographic Details
Main Author: Erickson, John R., 1943-
Corporate Authors: Maverick Books, Audio Adventures (Firm), Landmark Audiobooks, Inc
Format: CD Audio Book
Language:English
Published: Perryton, TX : Maverick Books, [1993]
Series:Erickson, John R., 1943- Hank the Cowdog (Maverick Books) ; #19-20.
Hank the Cowdog ; #19-20.
Subjects:

MARC

Tag First Indicator Second Indicator Subfields
LEADER 00000cim a2200000Ka 4500
001 in00002038607
005 20151101051131.0
007 sd fungnn---ed
008 030308p1993 txunnn j f eng d
020 |a 0916941906 
028 0 1 |a 619-CD--620-CD  |b Maverick Books 
035 |a (OCoLC)ocm51817857 
040 |a WIV  |c WIV  |d OCLCQ  |d TXA  |d UtOrBLW 
043 |a n-usp-- 
049 |a TXAM 
090 |a PS3555.R428  |b H26 no. 19-20 
100 1 |a Erickson, John R.,  |d 1943- 
245 1 4 |a The case of the midnight rustler :  |b and, The phantom in the mirror /  |c written and read by John R. Erickson. 
264 1 |a Perryton, TX :  |b Maverick Books,  |c [1993] 
264 4 |c ℗1993 
300 |a 6 sound discs (approximately 6 hr.) :  |b digital ;  |c 4 3/4 in. 
336 |a spoken word  |b spw  |2 rdacontent 
337 |a audio  |b s  |2 rdamedia 
338 |a audio disc  |b sd  |2 rdacarrier 
490 1 |a Hank the Cowdog ;  |v #19-20 
511 0 |a Read by the author. 
500 |a Unabridged. 
500 |a Compact discs. 
518 |a Recorded at The Audio Refinery in Amarillo, Texas. 
500 |a "Audio Adventures, Landmark Audiobooks"--Container. 
500 |a "CD pack 10"--Container. 
520 |a The case of the midnight rustler: Someone has been stealing calves from Uncle Johnny's pasture, and it's up to Hank and Slim to stop it. The phantom in the mirror: After Pete the Barncat starts a rumor about a Phantom Dog in the machine shed, Hank decides that he better check it out. And sure enough, when Hank peeks into the shadows, he sees the meanest, toughest, stupidest dog he's ever seen. 
500 |a Sound recording. 
650 0 |a Hank the Cowdog (Fictitious character)  |v Juvenile sound recordings. 
650 0 |a Dogs  |v Juvenile sound recordings. 
650 0 |a Ranch life  |z West (U.S.)  |v Juvenile sound recordings. 
651 0 |a West (U.S.)  |v Juvenile sound recordings. 
650 0 |a Humorous stories, American. 
650 0 |a Detective and mystery stories, American. 
650 0 |a Children's stories, American. 
650 0 |a Western stories. 
655 7 |a Children's audiobooks.  |2 lcgft 
710 2 |a Maverick Books. 
710 2 |a Audio Adventures (Firm) 
710 2 |a Landmark Audiobooks, Inc. 
740 0 2 |a Phantom in the mirror. 
800 1 |a Erickson, John R.,  |d 1943-  |t Hank the Cowdog (Maverick Books) ;  |v #19-20. 
830 0 |a Hank the Cowdog ;  |v #19-20. 
948 |a cataloged  |b h  |c 2005/3/4  |d c  |e mphillip  |f 4:04:52 pm 
994 |a E0  |b TXA 
999 |a MARS 
999 f f |s 5b54b7b3-7690-3d25-b96b-de847a2c6b48  |i d4bc1400-dc88-363c-9409-304a6fc04338  |t 0 
952 f f |p normal  |a Texas A&M University  |b College Station  |c Sterling C. Evans Library  |d Evans: Library Stacks  |t 0  |e PS3555.R428 H26 no.19-20  |h Library of Congress classification  |i audio -- audio disc  |m A14832502920 
998 f f |a PS3555.R428 H26 no.19-20  |t 0  |l Evans: Library Stacks